| 000 | 00533nmm a2200157Ia 4500 | ||
|---|---|---|---|
| 008 | 251105s9999||||xx |||||||||||||||||und|| | ||
| 020 | _a9789587385465 | ||
| 041 | _aspa | ||
| 100 | _aAbello-Galvis, Ricardo (ed.) | ||
| 245 | 0 |
_aDerecho internacional : varias visiones, un maestro : _b Liber amicorum en homenaje a Marco Gerardo Monroy Cabra |
|
| 264 |
_a[Bogotá, Colombia] : _bUniversidad del Rosario, _c2015 |
||
| 300 | _a595 páginas | ||
| 650 | _aLaw | ||
| 856 | _uhttps://public.digitaliapublishing.com/a/46505 | ||
| 942 | _cCF | ||
| 999 |
_c95807 _d95807 |
||